000 00284nam a2200121 a 4500
008 101026s1967|||| d
100 1 _aMaximov, VladimĂ­r
245 1 0 _aDvor uprostred neba
260 _bTatran
_aBratislava
_c1967
020 _c8,50
041 _aslo
044 _axo
_cSK
999 _c12303
_d12303